000 00531nam a22001817a 4500
003 BUBTL
008 191120b xxu||||| |||| 00| 0 eng d
082 _a340.59 / A511t / 2019
100 _92476
_aAhmad, Aqil
245 _aText book of Mohammedan Law /
_cAqil Ahmed, I.A.Khan
250 _a23rd ed.
260 _aAllahabad,
_bCentral Law Agency :
_cc2019.
300 _axxiii, 399 p. :
_c21 cm.
700 _92477
_aKhan, Iqbal Ali
856 _k0
_l0
_yDownload
942 _2ddc
_cBK
999 _c6170
_d6170